[Event "ROM-chT"]
[Site "Romania"]
[Date "1994.??.??"]
[Round "?"]
[White "Marin, Mihail"]
[Black "Demeny, Miklos Nicolae"]
[Result "1/2-1/2"]
[WhiteElo "2530"]
[BlackElo "2255"]
[PlyCount "107"]
[EventDate "1994.??.??"]
[EventType "team"]
[EventRounds "10"]
[EventCountry "ROU"]
[SourceTitle "EXT 1997"]
[Source "ChessBase"]
[SourceDate "1996.11.15"]
[SourceVersion "1"]
[SourceVersionDate "1996.11.15"]
[SourceQuality "1"]

1. d4 d5 2. c4 e6 3. Nf3 Be7 4. g3 f5 5. Bg2 Nf6 6. 0-0 0-0 7. b3 Na6 8. Nc3 c6 9. a3 Bd7 10. Qd3 Ne4 11. Bf4 Be8 12. Rfc1 g5 13. Be5 Bg6 14. cxd5 exd5 15. Nd2 Bf6 16. b4 Bxe5 17. dxe5 Qb6 18. e3 Nxf2 19. Kxf2 f4 20. Bxd5+ cxd5 21. Qxd5+ Bf7 22. Qd4 Qh6 23. exf4 Rad8 24. Qe3 gxf4 25. gxf4 Qxh2+ 26. Ke1 Qh4+ 27. Kd1 Bb3+ 28. Ke2 Qh2+ 29. Ke1 Rxf4 30. Nf1 Rd3 31. Nxh2 Rxe3+ 32. Kd2 Rxe5 33. Rg1+ Kf7 34. Raf1 Ref5 35. Ne4 Rxf1 36. Nxf1 Rd5+ 37. Kc3 Ba4 38. Ne3 Rd8 39. Ng5+ Ke7 40. Nxh7 Rc8+ 41. Kd4 Nc7 42. Ke5 Ne8 43. Nd5+ Kd8 44. Rg8 Rc1 45. Nhf6 Re1+ 46. Kd4 Bb3 47. Rh8 Bxd5 48. Kxd5 Rd1+ 49. Kc5 Rc1+ 50. Kb5 Re1 51. Kc5 Rc1+ 52. Kb5 Re1 53. a4 Re6 54. Nxe8 1/2-1/2

[Event "ROM-chT"]
[Site "Romania"]
[Date "1994.??.??"]
[Round "?"]
[White "Mozes, Ervin"]
[Black "Demeny, Miklos Nicolae"]
[Result "0-1"]
[WhiteElo "2385"]
[BlackElo "2255"]
[PlyCount "78"]
[EventDate "1994.??.??"]
[EventType "team"]
[EventRounds "10"]
[EventCountry "ROU"]
[SourceTitle "EXT 1997"]
[Source "ChessBase"]
[SourceDate "1996.11.15"]
[SourceVersion "1"]
[SourceVersionDate "1996.11.15"]
[SourceQuality "1"]

1. g3 d5 2. Bg2 e6 3. Nf3 Be7 4. 0-0 g5 5. c4 h5 6. cxd5 exd5 7. Qa4+ c6 8. e4 dxe4 9. Qxe4 Be6 10. Nc3 Nd7 11. d4 h4 12. d5 Ngf6 13. dxe6 Nxe4 14. exd7+ Qxd7 15. Nxe4 f6 16. Be3 0-0-0 17. Nc5 Bxc5 18. Bxc5 Kb8 19. Be3 h3 20. Bh1 Rhe8 21. Rac1 Re6 22. Rfe1 Ka8 23. Nd4 Rd6 24. Rc4 f5 25. Nc2 f4 26. Bc5 Rd1 27. Rd4 Rxe1+ 28. Nxe1 Qe8 29. Re4 Qf7 30. b3 Re8 31. gxf4 gxf4 32. Kf1 Rg8 33. Ra4 Qe6 34. Be4 a6 35. Nf3 Qg4 36. Rc4 Re8 37. Ke2 Qg7 38. Kd2 Qb2+ 39. Rc2 Qa1 0-1

[Event "Odorheiu Secuiesc op"]
[Site "Odorheiu Secuiesc"]
[Date "1993.??.??"]
[Round "2"]
[White "Vlad, Decebal"]
[Black "Demeny, Miklos Nicolae"]
[Result "1/2-1/2"]
[WhiteElo "2405"]
[BlackElo "2300"]
[PlyCount "76"]
[EventDate "1993.05.??"]
[EventType "swiss"]
[EventRounds "11"]
[EventCountry "ROU"]
[SourceTitle "TD"]
[Source "ChessBase"]
[SourceDate "1994.03.01"]
[SourceVersion "1"]
[SourceVersionDate "1994.03.01"]
[SourceQuality "1"]

1. e4 Nf6 2. e5 Nd5 3. d4 d6 4. Nf3 Nb6 5. a4 Bg4 6. a5 N6d7 7. Be2 dxe5 8. Nxe5 Nxe5 9. Bxg4 Nxg4 10. Qxg4 Qd7 11. Qe4 c6 12. 0-0 Na6 13. c3 e6 14. Qg4 g6 15. Bg5 Bg7 16. Nd2 h6 17. Be3 Qd5 18. Ne4 0-0-0 19. f3 g5 20. Qh5 Qd7 21. b4 f5 22. Nd2 Nxb4 23. cxb4 Bxd4 24. Nc4 Bxa1 25. Rxa1 Qd3 26. Rc1 Qe2 27. Qf7 Rd1+ 28. Rxd1 Qxd1+ 29. Kf2 Qc2+ 30. Nd2 Qa2 31. a6 bxa6 32. Qxa7 Rd8 33. Qa8+ Kd7 34. Qb7+ Ke8 35. Qxc6+ Kf7 36. Qc7+ Ke8 37. Qc6+ Kf7 38. Qc7+ Ke8 1/2-1/2